000 01320naa a22003737a 4500
001 BR9505792
003 BR-BrBNA
005 20240918181402.0
007 ta
008 230509b bl.||||| |||| 00| 0 por d
040 _aBR-BrBNA
_bpor
_cBiblioteca Nacional de Agricultura
041 _a(Pt)
072 _aF30; E16
_b0120
090 _aF30 BR9505792
100 1 _aSawazaki, E.
100 1 _aDuarte, A.P.
100 1 _aMerege, W.H.
100 1 _aMoimas, M.
100 1 _aFerreira, C.A.A.
100 1 _aRibeiro, J.L.
100 1 _aBinchini, M.T.
100 1 _aDarim, R.A.
111 1 _a3. Seminario sobre a Cultura do Milho "safrinha"
_cAssis, SP (Brazil)
_d9-10 Feb 1995
245 1 _aComportamento da produtividade de cultivares de milho "safrinha" nas regioes norte e noroeste do Estado de Sao paulo em 1993-94
260 3 _aSao Paulo, SP (Brasil):
_c1995.
500 _a3. Seminario sobre a cultura do milho "safrinha". Resumos Sao Paulo, SP (Brasil): 1995. p. 115-119 (BR9505792-AM)F30
650 _aMilho
650 _aVariedade
650 _aEstatistica de Producao
650 _aSao Paulo
773 0 _t3. Seminario sobre a cultura do milho "safrinha". Resumos
_wF30 BR9505792
_gSao Paulo, SP (Brasil), 1995. p. 115-119
909 _a202404
_bLucia
_c55
_dLucia Elande
942 _cAM
_2AGRIS
999 _c325050
_d325050